| 000 | 01724nam0a22003011 4500 | ||
|---|---|---|---|
| 001 | rc\3236075 | ||
| 005 | 20130115141914.0 | ||
| 021 |
_aRU _b[72-20879] |
||
| 035 | _a(NLR Aleph) 007473887 | ||
| 090 |
_a7445518 _c7445518 |
||
| 100 | _a20130115d1971 |||y0rusy50 ca | ||
| 101 | 0 | _arus | |
| 102 | _aRU | ||
| 105 | _ay z ||||| | ||
| 200 | 1 |
_aЭффективность поточных методов организации производства на трикотажных фабриках _e(Из опыта работы трикотажной ф-ки "Киевлянка") _e[Обзор] _fГос. план. ком. Совета Министров УССР. Укр. науч.-исслед. ин-т науч.-техн. информации и техн.-экон. исследований. ЦБТИ М-ва легкой пром-сти УССР |
|
| 210 |
_aКиев _cБ. и. _d1971 |
||
| 215 |
_a32 с. _d22 |
||
| 300 | _aВ вып. дан. авт.: Шипуков С.Т., Адамова Н.А., Лутченко В.А. и др. | ||
| 606 |
_aТрикотажное производство _xПоточный метод _xЭкономическая эффективность _2psbo |
||
| 701 | 1 |
_aАдамова _bН. А. |
|
| 701 | 1 |
_aЛутченко _bВ. А. |
|
| 701 | 1 |
_aШипуков _bС. Т. _gСергей Трофимович |
|
| 712 | 0 | 2 |
_aУкраинский научно-исследовательский институт научно-технической информации и технико-экономических исследований _cКиев _3RU\NLR\AUTH\8810023920 |
| 801 | 0 |
_aRU _bNLR _gpsbo |
|
| 801 | 1 |
_aRU _bELAR _2rusmarc |
|
| 852 |
_aNLR _j72-6/2644 |
||
| 942 | _cBOOK | ||
| 980 | _aNB | ||